000 00960nam a22002537a 4500
001 3901
003 FISKH
005 20250828110924.0
008 240522b cb ||||| |||| 00| 0 eng d
020 _a9780823988471
040 _aFISKH
_beng
_cFISKH
_dFISKH
082 _a372
100 _aWilliams, Zachary
_eauthor
245 _aAnimals on the farm :
_bLearning to Compare Size /
_cby Zachary Williams
260 _aNew York :
_bThe Rosen Publishing Group ,Inc.
_c2004
300 _a12​ pages :
_bcolor illustrations ;
_c22 cm .
505 _aE
520 _aBookMath that students can relate to!This full-color, photo-illustrated math reader seamlessly integrates Math with the curriculum areas of Science and Social Studies. Grab your students' attention and inspire a love of Math and of learning.
521 8 _a260
_bLexile
521 8 _aE
_bRaz-Plus
650 _afarm
_vnon-fiction
942 _2ddc
_cBK
_n0
999 _c3901
_d3901